| Tag |
First Indicator |
Second Indicator |
Subfields |
| LEADER |
00000cam a2200000 4500 |
| 001 |
in00000068238 |
| 005 |
20151008051942.0 |
| 008 |
720111s1951 nyu b 00000 eng u |
| 010 |
|
|
|a 51001943
|
| 035 |
|
|
|a (OCoLC)00194122
|
| 035 |
|
|
|9 AAH0909AM
|
| 040 |
|
|
|c WSU
|d OCL
|d TXA
|d UtOrBLW
|
| 049 |
|
|
|a TXAM
|c 2 [194160]
|
| 050 |
|
0 |
|a BF637.C6
|b B5
|
| 092 |
|
|
|a 371.42
|b B658c
|
| 100 |
1 |
|
|a Blum, Milton L.,
|d 1912-
|
| 245 |
1 |
0 |
|a Counseling and psychology ;
|b vocational psychology and its relation to educational and personal conseling /
|c by Milton L. Blum and Benjamin Balinsky.
|
| 264 |
|
1 |
|a New York :
|b Prentice-Hall,
|c 1951.
|
| 300 |
|
|
|a 586 pages
|
| 336 |
|
|
|a text
|b txt
|2 rdacontent
|
| 337 |
|
|
|a unmediated
|b n
|2 rdamedia
|
| 338 |
|
|
|a volume
|b nc
|2 rdacarrier
|
| 504 |
|
|
|a Includes bibliographies.
|
| 650 |
|
0 |
|a Counseling.
|
| 650 |
|
0 |
|a Vocational guidance.
|
| 700 |
1 |
|
|a Balinsky, Benjamin.
|
| 999 |
|
|
|a MARS
|
| 999 |
f |
f |
|s 8aaaa13e-6caa-3f00-be38-709d1e61a42a
|i c9a145fb-011a-3313-8ecd-a8de461bbe39
|t 0
|
| 952 |
f |
f |
|p ric
|a Texas A&M University
|b Rellis Campus
|c Joint Library Facility
|d Remote Storage
|t 0
|e BF637.C6 B5
|h Library of Congress classification
|i unmediated -- volume
|m A14800837640
|
| 998 |
f |
f |
|a BF637.C6 B5
|t 0
|l Remote Storage
|